Paesi più vicini ad Antigua e Barbuda - Morte improvvisa - Statistics

Statistiche generali
  • Questo quiz è stato fatto 7 volte
  • Il punteggio medio è 3 su 15
Answers on the Grid
Answers color-coded by a green-red scale on the quiz's grid according to % correct below.
Saint Kitts e Nevis
Dominica
Saint Lucia
Saint Vincent e Grenadine
Barbados
Grenada
Trinidad e Tobago
Repubblica Dominicana
Venezuela
Haiti
Guyana
Colombia
Bahamas
Cuba
Brasile
Stati Uniti
Canada
Giamaica
Messico
Belize
Guatemala
Honduras
El Salvador
Nicaragua
Costa Rica
Panama
Argentina
Perù
Bolivia
Paraguay
 
Statistiche sulle risposte
Risposta % Corretto
Haiti
67%
Repubblica Dominicana
67%
Cuba
33%
Saint Kitts e Nevis
33%
Saint Lucia
33%
Trinidad e Tobago
33%
Bahamas
0%
Barbados
0%
Brasile
0%
Colombia
0%
Dominica
0%
Grenada
0%
Guyana
0%
Saint Vincent e Grenadine
0%
Venezuela
0%
Nessun quiz corrispondente trovato
Distribuzione punteggi
Percentuale di utenti per punteggio
Percentile per numero di risposta
I tuoi punteggi nel tempo
Non hai fatto questo quiz